| 000 | 00637nam a22001937a 4500 | ||
|---|---|---|---|
| 005 | 20260422093324.0 | ||
| 008 | 260422b |||||||| |||| 00| 0 eng d | ||
| 020 | _a(hbk) | ||
| 040 | _cUE-CL | ||
| 082 |
_a942 _bC4754 |
||
| 100 | _aChurchil, Winston S. | ||
| 245 |
_aA history of the English-speaking people : The new world _c/ Winston S. Churchill |
||
| 260 |
_aNew York : _bDodd, Mead & Company; _c1956 |
||
| 300 | _axi, 433 p. | ||
| 505 | _aRenaissance and reformation The civil War The Restoration Maps and Genealogical Tables | ||
| 546 | _aEnglish | ||
| 650 | _aHistory--English--Speaking--People--New World | ||
| 942 | _cBK | ||
| 999 |
_c26124 _d26123 |
||